| 000 | 04701cam a22007934i 4500 | ||
|---|---|---|---|
| 003 | PE-LiUPU | ||
| 005 | 20250731170418.0 | ||
| 008 | 150309s2015 sp a rb 000 0 spa d | ||
| 020 |
_a8497274156 _q(volumen 1) |
||
| 020 |
_a8497276027 _q(volumen 2) |
||
| 020 |
_a9788497274159 _q(volumen 1) |
||
| 020 |
_a9788497276023 _q(volumen 2) |
||
| 035 | _a(Sirsi) i9788497274159 | ||
| 040 |
_aESUCM _bspa _cESUCM _dOCLCQ _dPE-LiUPU _erda |
||
| 049 | _aPRUA | ||
| 082 | 0 | 4 |
_a159.9 _bM26 2015 |
| 082 | 0 | 4 |
_a150.724 _bM26 _220 |
| 100 | 1 |
_aMartínez Arias, María del Rosario, _eautor. |
|
| 245 | 1 | 0 |
_aAnálisis de datos en psicología y ciencias de la salud / _cRosario Martínez Arias, José Carlos Chacón Gómez, Miguel Ángel Castellanos López. |
| 264 | 1 |
_aMadrid : _bEOS, _c[201?]. |
|
| 300 |
_a323 páginas : _bilustraciones ; _c23 centímetros. |
||
| 336 |
_atext _2rdacontent |
||
| 337 |
_aunmediated _2rdamedia |
||
| 338 |
_avolume _2rdacarrier |
||
| 504 | _aBibliografía: páginas 289-293. | ||
| 505 | 0 |
_aVolumen I, _tExploración de datos y fundamentos probabilísticos. _aIntroducción a la estadistica y conceptos básicos -- El procesamiento y la preparación de los datos para el análisis -- Organización y representación de datos: una variable -- Medidas de tendencia central, posición, dispersición y forma -- Datos categóricos: independencia y asociación -- Datos cuantitativos: covarianza, correlación y regresión lineal simple -- Introducción a la teoría de la probabilidad -- Variables aleatorías discretas -- Variables aleatorías continuas. |
|
| 505 | 0 |
_aVolumen II, _tInferencia estadística. _aIntroducción a la inferencia estadística -- Pruebas de supuestos sobre las distribuciones de puntuaciones -- Comprobación de hipótesis acerca de algunos parámetros -- Contraste para la comparación de grupos independientes -- Contraste para la comparación de medidas repetidas y muestras relacionadas -- Contraste sobre medidas de asociación: datos categóricos y cuantitativos -- Regresión lineal múltiple -- Regresión logística -- El análisis de covarianza (ANCOVA) -- Análisis factorial exploratorio. |
|
| 526 | _aSEG68 | ||
| 526 | _aSEG70 | ||
| 526 | _aSEG69 | ||
| 526 | _aSEG67 | ||
| 526 | _aSEG43 | ||
| 526 | _aP144 | ||
| 526 | _aP143 | ||
| 526 | _aP131 | ||
| 526 | _aP122 | ||
| 526 | _aP120 | ||
| 526 | _aP117 | ||
| 526 | _aP112 | ||
| 526 | _aP110 | ||
| 526 | _aP106 | ||
| 526 | _aP101 | ||
| 526 | _aP80 | ||
| 526 | _aP59 | ||
| 526 | _aP54 | ||
| 526 | _aP35 | ||
| 526 | _aP33 | ||
| 526 | _aP30 | ||
| 541 | _g0020-0002813; | ||
| 541 | _gF002-00000792; | ||
| 650 | 1 | 4 | _aEstadistica aplicada. |
| 650 | 2 | 4 | _aEstadistica médica. |
| 700 | 1 |
_aCastellanos López, Miguel Ángel, _eautor. |
|
| 700 | 1 |
_aChacón Gómez, José Carlos, _eautor. |
|
| 910 |
_armch _btqv _cwelc _d20170801 |
||
| 910 |
_adbm _bsag _csag _d20190131 |
||
| 942 |
_2ddc _cBOOK |
||
| 949 |
_a159.9 M26 T1 2015 _wDEWEY _c1 _iFJ08319 _lCCODEBUJ1 _mBUJ _p42.46 _r0 _sY _tBOOK _u2017-08-01 _xSALUD _PP33 _0COMPRA _o.STAFF. Colección General Juliaca |
||
| 949 |
_a159.9 M26 T1 2015 _wDEWEY _c2 _iFJ08320 _lCCODEBUJ1 _mBUJ _p42.46 _r0 _sY _tBOOK _u2017-08-01 _xSALUD _PP33 _0COMPRA _o.STAFF. Colección General Juliaca |
||
| 949 |
_a159.9 M26 T2 2015 _wDEWEY _c1 _iFJ08321 _lCCODEBUJ1 _mBUJ _p42.46 _r0 _sY _tBOOK _u2017-08-01 _xSALUD _PP33 _0COMPRA _o.STAFF. Colección General Juliaca |
||
| 949 |
_a159.9 M26 T2 2015 _wDEWEY _c2 _iFJ08322 _lCCODEBUJ1 _mBUJ _p42.46 _r0 _sY _tBOOK _u2017-08-01 _xSALUD _PP33 _0COMPRA _o.STAFF. Colección General Juliaca |
||
| 994 |
_aC0 _bPEPRU |
||
| 596 | _a1 3 | ||
| 999 |
_a159.9 M26 T1 2015 _wDEWEY _c24800 _iFJ08319 _d24800 _f2022-1-17 _g4 _lCCODEBUJ1 _mBUJ _p42.46 _q2 _r0 _sY _tBOOK _u2017-8-1 _xSALUD _zP33 _0COMPRA _o.STAFF. Colección General Juliaca |
||
| 999 |
_a159.9 M26 T1 2015 _wDEWEY _c2 _iFJ08320 _f2022-1-17 _g4 _lCCODEBUJ1 _mBUJ _p42.46 _r0 _sY _tBOOK _u2017-8-1 _xSALUD _zP33 _0COMPRA _o.STAFF. Colección General Juliaca |
||
| 999 |
_a159.9 M26 T2 2015 _wDEWEY _c1 _iFJ08321 _f2022-1-17 _g4 _lCCODEBUJ1 _mBUJ _p42.46 _r0 _sY _tBOOK _u2017-8-1 _xSALUD _zP33 _0COMPRA _o.STAFF. Colección General Juliaca |
||
| 999 |
_a159.9 M26 T2 2015 _wDEWEY _c2 _iFJ08322 _d2019-6-13 _f2022-1-17 _g4 _lCCODEBUJ1 _mBUJ _p42.46 _q1 _r0 _sY _tBOOK _u2017-8-1 _xSALUD _zP33 _0COMPRA _o.STAFF. Colección General Juliaca |
||
| 999 |
_a150.724 M26 1 _wDEWEY _c1 _i79934 _d2019-10-22 _f2021-11-3 _g3 _lCCODEBUL1 _mBUL _p33.27 _q1 _r0 _sY _tBOOK _u2019-1-31 _xSALUD _zP33 _0COMPRA _1FCOMPR2 _o.STAFF. Colección Ciencias de la Salud |
||
| 980 |
_81 _gALBERTO SANCHEZ Responsable de Automatización |
||